Purbawisesa

Bibliographic Details
Main Author: Muhd.Nasruddin Dasuki
Format: Book
Published: Kuala Lumpur : DBP , 1992
Subjects:

MARC

LEADER 00000cam a2200000 7i4500
001 0000007544
002 000008104
005 20000330.0
020 |a 9836225757 
090 0 0 |a F   |b MUH 
100 0 |a Muhd.Nasruddin Dasuki 
245 1 0 |a Purbawisesa   |c Muhd.Nasruddin Dasuki 
260 |a Kuala Lumpur :   |b DBP ,   |c 1992 
300 |a 211p. ;   |c 18cm. 
650 0 0 |a Short stories, Malay 
999 |a 055008   |b BUKU   |c FICTION   |e PERPUSTAKAAN KOMUNITI CAW KOTA DAMANSARA